000
00242 a2200097 4500
001
52605
100
_a
Towers T D
245
_a
Towers International Transistor Selector
260
_a
New York
_b
Foulsham & Co. Ltd.
_c
090
_c
33092
_d
33092
942
_a
NUST-CAE
_c
M
_c
25661
999
_c
287678
_d
287678